000
00240nam a2200097Ia 4500
008
240331s9999 xx 000 0 und d
082
_b
NAR
100
_a
Calpauriks. ed
245
0
_a
Narmada aattu pallaththakku thiddam :
_b
oru aiyvu
942
_c
L
999
_c
1494
_d
1494